00512nam a22001817a 4500003000400000008004100004082001700045100002500062245008400087260006800171300001000239502001700249650001700266650001300283650001200296650001100308650001100319OSt260429b |||||||| |||| 00| 0 eng d a634.44bC31S aChatterjee, Diwakar. aStudies on the Performance of Different Mango Hybrids / cby Diwakar Chatterjee a.- Sabour, Bhagalpurb: Bihar Agricultural College, RAUc, 1997 a110p. bPh. D.d1997 aHorticulture aPomology aMangoes aThesis aPh. D.